00836nam a2200217Ii 45000010005000000030009000050080041000140400033000550410008000880820023000961000032001192450104001512640053002553000012003083360026003203370028003463380027003749400050004019990017004519520150004682654CO-ViMGA241108s9999||||xx |||||||||||||| ||und|| aCO-ViMGAbspaerdacCO-ViMGA0 aspa04aFA 467.9867 - A59l1 aManuel Alvar López94995210aLeticia:bEstudios lingüísticos sobre la amazonia colombiana con una monografía etnográfica 1aBogotá, Colombia : Imprenta Patriótica, 1977 avolumen atextbtxt2rdacontent aunmediatedbn2rdamedia avolumebnc2rdacarrier aidficha_siabuc: 2596. -- ficha_no_siabuc:2654 c44630d44630 001040708FDArangoaMEVIGERRbMEVIGERRcLOCALd2006-10-30oFA 467.9867 - A59lpECA17350r2024-11-26 09:17:36tEj.1w2024-11-26yBKz2596 | 3138